Statystyki dla Rozpoznaj piłkarza po podpowiedziach #3

Kliknij tutaj aby rozwiązać quiz!

Ogólne statystyki

  • Ten quiz został rozwiązany 171 razy
  • Średni wynik to 15 z 20

Statystyki odpowiedzi

Klub, do którego przechodzi (rok)InicjałyPozycjaPilkarz% Poprawnych
Juventus Turyn (2001)G.B.BRGianluigi Buffon
91%
AC Milan (2019)K.P.NKrzysztof Piątek
86%
Athletico Madryt (2014)J.O.BRJan Oblak
85%
Tottenham Hotspur (2013)C.E.ŚPOChristian Eriksen
84%
FC Barcelona (2012)J.A.LOJordi Alba
84%
Real Madryt (2013)G.B.PSGareth Bale
82%
Borussia Dortmund (2007)J.B.PPJakub Błaszczykowski
79%
Liverpool FC (2017)A.R.LOAndrew Robertson
77%
Real Madryt (2013)D.C.PODaniel Carvajal
76%
Manchester City (2016)J.S.ŚOJohn Stones
72%
SSC Napoli (2017)K.K.ŚOKalidou Koulibaly
72%
Chelsea FC (2017)A.M.NAlvaro Morata
71%
Manchester United (2015)A.M.LSAnthony Martial
70%
Manchester City (2016)L.S.LSLeroy Sane
70%
Arsenal FC (2017)A.L.NAlexandre Lacazette
68%
Borussia Dortmund (2018)A.W.ŚP/ŚPDAlex Witsel
66%
FC Everton (2014)R.L.NRomelu Lukaku
63%
Juventus Turyn (2012)P.P.ŚPPaul Pogba
61%
Arsenal FC (2016)S.M.ŚOShkodran Mustafi
60%
FC Everton (2017)G.S.ŚPOGylfi Sigurdsson
49%

Rozkład punktacji

Percentyl według liczby udzielonych odpowiedzi

Procent ludzi z każdym wynikiem

Twoja historia wyników

Nie rozwiązałeś tego quizu